000 00539nam a2200193Ia 4500
003 GCL
008 140319s9999 xx 000 0 ara d
040 _aGCL /
_cGCL
082 0 4 _a327.12
_bر ص
100 1 _aبيتر رايت
245 1 0 _aصائد الجواسيس /
_cبيتر رايت
700 1 _aعماد القسوس
260 _a[S.N] :
_bدار الشروق
300 _a404 ص
490 _a
650 0 4 _aالقصص البوليسية
650 0 4 _aالقصص الانجليزية المترجمة
942 _2ddc
_cBK
999 _c38169
_d38169